[Event "Leicester Atkins Memorial"]
[Site "Leicester"]
[Date "2013.12.01"]
[Round "4"]
[White "Murphy, Hugh"]
[Black "Horspool, Philip"]
[Result "1/2-1/2"]
[WhiteElo "2135"]
[BlackElo "2013"]
[PlyCount "54"]
[EventDate "2013.11.29"]
[EventType "swiss"]
[EventRounds "5"]
[EventCountry "ENG"]
[SourceTitle "EXT 2023"]
[Source "ChessBase"]
[SourceDate "2022.10.05"]
[SourceVersion "1"]
[SourceVersionDate "2022.10.05"]
[SourceQuality "1"]

1. e4 e5 2. Nf3 Nc6 3. Nc3 Nf6 4. d4 exd4 5. Nxd4 Bb4 6. Nxc6 bxc6 7. Bd3 d5 8. exd5 cxd5 9. 0-0 0-0 10. Bg5 c6 11. Qf3 Rb8 12. Ne2 Bg4 13. Qg3 Bxe2 14. Bxe2 Ne4 15. Bxd8 Nxg3 16. hxg3 Rfxd8 17. Rad1 Be7 18. b3 Bf6 19. Rd3 Kf8 20. Rfd1 h6 21. Bf3 g6 22. g4 Rdc8 23. g3 Rc7 24. Kg2 Re7 25. c4 dxc4 26. Rd8+ Rxd8 27. Rxd8+ Kg7 1/2-1/2

[Event "Leicester Atkins Memorial"]
[Site "Leicester"]
[Date "2013.11.30"]
[Round "2"]
[White "Byron, Alan M"]
[Black "Horspool, Philip"]
[Result "1/2-1/2"]
[WhiteElo "2148"]
[BlackElo "2013"]
[PlyCount "28"]
[EventDate "2013.11.29"]
[EventType "swiss"]
[EventRounds "5"]
[EventCountry "ENG"]
[SourceTitle "EXT 2023"]
[Source "ChessBase"]
[SourceDate "2022.10.05"]
[SourceVersion "1"]
[SourceVersionDate "2022.10.05"]
[SourceQuality "1"]

1. e4 e5 2. Nf3 Nc6 3. Bb5 Nf6 4. 0-0 d6 5. Re1 Bd7 6. d4 exd4 7. Nxd4 Be7 8. Nc3 0-0 9. h3 Nxd4 10. Qxd4 Bxb5 11. Nxb5 c6 12. Nc3 Qb6 13. Qxb6 axb6 14. Bf4 b5 1/2-1/2

[Event "Coventry e2e4 op"]
[Site "Coventry"]
[Date "2013.08.24"]
[Round "2"]
[White "Horspool, Philip"]
[Black "Bryant, Richard BE"]
[Result "1/2-1/2"]
[WhiteElo "2008"]
[BlackElo "1969"]
[PlyCount "70"]
[EventDate "2013.08.23"]
[EventType "swiss"]
[EventRounds "7"]
[EventCountry "ENG"]
[SourceTitle "CBM 156 Extra"]
[Source "ChessBase"]
[SourceDate "2013.10.22"]
[SourceVersion "1"]
[SourceVersionDate "2013.10.22"]
[SourceQuality "1"]

1. e4 e6 2. Nc3 d5 3. d4 Bb4 4. e5 Ne7 5. Nf3 c5 6. a3 Bxc3+ 7. bxc3 Nbc6 8. Be2 Bd7 9. Rb1 Qc7 10. 0-0 c4 11. Qd2 h6 12. Qf4 Ng6 13. Qg3 Nce7 14. Nh4 Nxh4 15. Qxh4 Ba4 16. Bd1 0-0-0 17. Qf4 Rdf8 18. Re1 Nf5 19. Rb4 b5 20. Rb2 g5 21. Qd2 Rfg8 22. Bg4 Ng7 23. Be2 Qe7 24. Bf3 Nf5 25. Bg4 Nh4 26. Qe2 Ng6 27. Qf3 Kc7 28. g3 Rg7 29. Bh5 Rhg8 30. Kf1 Rf8 31. Qe2 Rfg8 32. Qf3 Nf8 33. h3 Nd7 34. Bg4 Rf8 35. Qe2 a6 1/2-1/2

[Event "Leicestershire County-ch"]
[Site "Leicester"]
[Date "2013.08.09"]
[Round "5"]
[White "Tate, Michael J"]
[Black "Horspool, Philip"]
[Result "0-1"]
[WhiteElo "1860"]
[BlackElo "2003"]
[PlyCount "58"]
[EventDate "2013.05.09"]
[EventType "swiss"]
[EventRounds "6"]
[EventCountry "ENG"]
[SourceTitle "EXT 2019"]
[Source "ChessBase"]
[SourceDate "2018.10.10"]
[SourceVersion "1"]
[SourceVersionDate "2018.10.10"]
[SourceQuality "1"]

1. e4 e5 2. Nf3 Nc6 3. Bb5 a6 4. Ba4 Nf6 5. 0-0 b5 6. Bb3 Be7 7. Re1 0-0 8. d4 d6 9. c3 Bg4 10. d5 Nb8 11. Nbd2 Ne8 12. h3 Bd7 13. Bc2 a5 14. Nf1 Na6 15. Ne3 g6 16. Nh2 Ng7 17. Neg4 h5 18. Ne3 f5 19. exf5 gxf5 20. Nef1 Qe8 21. f4 Qg6 22. Qf3 e4 23. Qf2 Rfe8 24. Be3 h4 25. Bd4 Nh5 26. Re3 Qh6 27. g3 hxg3 28. Nxg3 Bh4 29. Qg2 Bxg3 0-1

[Event "Hinckley e2e4 op"]
[Site "Hinckley Island"]
[Date "2012.08.25"]
[Round "3"]
[White "Horspool, Philip"]
[Black "Tarhon, Brian"]
[Result "1/2-1/2"]
[WhiteElo "2051"]
[BlackElo "1787"]
[PlyCount "82"]
[EventDate "2012.08.24"]
[EventType "swiss"]
[EventRounds "7"]
[EventCountry "ENG"]
[SourceTitle "CBM 150 Extra"]
[Source "ChessBase"]
[SourceDate "2012.10.19"]
[SourceVersion "1"]
[SourceVersionDate "2012.10.19"]
[SourceQuality "1"]

1. e4 c5 2. Nc3 Nc6 3. f4 d6 4. Nf3 e6 5. Bb5 Nge7 6. 0-0 a6 7. Be2 g6 8. d3 Bg7 9. Qe1 0-0 10. Bd2 Nd4 11. Nxd4 cxd4 12. Nd1 b5 13. Rc1 Bb7 14. Qg3 f5 15. Bf3 e5 16. Nf2 Bh6 17. Nh3 d5 18. Qh4 Kg7 19. Bb4 Rf7 20. Rce1 fxe4 21. dxe4 dxe4 22. Bxe7 Qxe7 23. Qxe7 Rxe7 24. Bxe4 Bxf4 25. Nxf4 exf4 26. Bxb7 Rxb7 27. Rxf4 Rc8 28. Re2 Rbc7 29. Rff2 b4 30. Rd2 a5 31. Kf1 Rd7 32. Ke2 Re8+ 33. Kd3 Re3+ 34. Kc4 Re4 35. Rd3 Kh6 36. Rfd2 Rc7+ 37. Kd5 Rh4 38. g3 Rh5+ 39. Kxd4 Rhc5 40. c3 bxc3 41. bxc3 Rc4+ 1/2-1/2

[Event "BCF-chT3S 1112 (4NCL)"]
[Site "England"]
[Date "2011.11.13"]
[Round "2.1"]
[White "Horspool, Philip"]
[Black "Savage, Nicholas W"]
[Result "1-0"]
[WhiteElo "2039"]
[BlackElo "2072"]
[PlyCount "41"]
[EventDate "2011.11.12"]
[EventType "team-swiss"]
[EventRounds "6"]
[EventCountry "ENG"]
[SourceTitle "EXT 2013"]
[Source "ChessBase"]
[SourceDate "2012.11.22"]
[SourceVersion "1"]
[SourceVersionDate "2012.11.22"]
[SourceQuality "1"]
[WhiteTeam "e2e4.org.uk III"]
[BlackTeam "Iceni"]
[WhiteTeamCountry "ENG"]
[BlackTeamCountry "ENG"]

1. e4 c5 2. Nc3 a6 3. f4 b5 4. Nf3 Bb7 5. d3 e6 6. Be2 d6 7. 0-0 Nf6 8. Qe1 Be7 9. Qg3 Nc6 10. Bd2 Qc7 11. Kh1 Nd4 12. Bd1 b4 13. Nb1 Nc6 14. Be3 g6 15. Qe1 0-0 16. f5 Ng4 17. Bg5 f6 18. Bc1 exf5 19. exf5 d5 20. fxg6 hxg6 21. Qe6+ 1-0